General Knowledge MCQ #14 - Statistics

General Stats
  • This quiz has been taken 20 times
  • The average score is 8 of 15
Answer Stats
Question Answer % Correct
The six-time WWE champion wrestling star Hulk Hogan at age of 71. Cause of death is Cardiac arrest
94%
MiG-21 also known as " flying coffins" is a supersonic jet fighter comes from this country Russia
82%
The oldest known single - stem tree a baobab in South Africa, is estimated to have approx _ years old. 6,000
71%
Which of the following countries is not associated with the liberation efforts of Simón Bolívar? Argentina
71%
The idea of Liberty, Fraternity and Equality has been taken from this country's constitution France
71%
This ethnic tribe killed an estimated one million minority ethnic Tutsis and moderate Hutus in Rwanda. Hutu
71%
The gunslinger's gait walking style, has been popular due to this popular political leader Vladimir Putin
65%
Comic con, an annual gathering to celebrate comics, film, TV, gaming, and pop culture event takes place in San Diego
47%
Ryne Sandberg 's jersey number is one of only four Chicago Cubs of Measure League Season jerseys retired. 23
35%
This is the least religious country in the world with only 14 % of the population claiming any religious beliefs. Estonia
35%
Piprahwa Gems, considered sacred by Buddhists and is believed to be linked to the Buddha himself, was purchased by this conglomerate Godrej
35%
Scientists recently developed a unique way to give flu vaccines to mice. What unusual method did they use? B.) Flossing their tiny teeth
29%
Which one of the following is not a fiat money ? Gold
29%
A recent wildfire made this city temporarily as the world's most polluted city? Montreal
18%
McLaren Automotive is an Abu Dhabi - owned luxury automatic manufacturer based in Woking
18%
No matching quizzes found
Score Distribution
Percent of People with Each Score
Percentile by Number Answered
Your Score History
You have not taken this quiz